000
00297nam a22001337a 4500
003
SGT
100
_a
GOTI. ABHAY. V
245
_a
PRACTICAL FOR PHARMACEUTICAL ENGINEERING
250
_a
1st
260
_a
S. VIKAS
_b
PANJAB
650
_a
PHARMACEUTICAL
653
_a
ENGINEERING
942
_2
ddc
_c
BK
999
_c
24596
_d
24596